| 000 | 00592nam a2200193Ia 4500 | ||
|---|---|---|---|
| 999 |
_c34530 _d34530 |
||
| 003 | OSt | ||
| 005 | 20200917150238.0 | ||
| 008 | 190216s9999||||xx |||||||||||||| ||und|| | ||
| 020 | _a9780071077286 | ||
| 040 | _coclc | ||
| 082 |
_a629.895 _bLIN/P |
||
| 100 |
_aLincoln, David _94714 |
||
| 245 | 0 |
_aProgramming And Customizing The Picaxe Microcontroller / _cDavid Lincoln |
|
| 250 | _a2nd Ed. | ||
| 260 |
_bTata Mcgraw-Hill Education Private Limited, _c2011. _aNew Delhi: |
||
| 300 | _a302p | ||
| 650 | _aPhysics | ||
| 942 |
_cBK _2ddc _h629.895 _iLIN/P _k629.895 _mLIN/P |
||